Thông tin KHXH: Chuyên đề " Sử học và hiện đại hóa "

Tài liệu có các bài chính: Cách mạng sử học Pháp; Sự tái tạo lịch sử trong khảo cổ học

में बचाया:
ग्रंथसूची विवरण
मुख्य लेखक: Viện Thông tin khoa học xã hội Việt Nam
स्वरूप: पुस्तक
भाषा:Undetermined
प्रकाशित: Hà Nội KHXH 1995
विषय:
टैग : टैग जोड़ें
कोई टैग नहीं, इस रिकॉर्ड को टैग करने वाले पहले व्यक्ति बनें!
Thư viện lưu trữ: Trung tâm Học liệu Trường Đại học Cần Thơ
LEADER 00723nam a2200181Ia 4500
001 CTU_12360
008 210402s9999 xx 000 0 und d
082 |a 301 
082 |b V305t/ 
100 |a Viện Thông tin khoa học xã hội Việt Nam 
245 0 |a Thông tin KHXH: Chuyên đề " Sử học và hiện đại hóa " 
245 0 |c Viện Thông tin khoa học xã hội Việt Nam 
260 |a Hà Nội 
260 |b KHXH 
260 |c 1995 
520 |a Tài liệu có các bài chính: Cách mạng sử học Pháp; Sự tái tạo lịch sử trong khảo cổ học 
650 |a social science 
980 |a Trung tâm Học liệu Trường Đại học Cần Thơ